000 00389nam a2200157Ia 4500
008 230711s9999||||xx |||||||||||||| ||und||
041 _aENG
082 _a621.317
_bDR-F
100 _aDriankov,D
245 3 _aAn introduction to fuzzy control
250 _a1st Ed.
260 _c1992
_aNew Delhi
_bNarosa Publishing House
300 _a316
650 _aComputer Engineering
942 _cBK
999 _c3688
_d3688